Design of equilibrium stage processes (Record no. 13251)

000 -LEADER
fixed length control field 00589nam a22002171 4500
001 - CONTROL NUMBER
control field 13251
003 - CONTROL NUMBER IDENTIFIER
control field BD-DhUET
008 - FIXED-LENGTH DATA ELEMENTS--GENERAL INFORMATION
fixed length control field 740517s1963 nyua b 000 0 eng
020 ## - INTERNATIONAL STANDARD BOOK NUMBER
International Standard Book Number 070586373
040 ## - CATALOGING SOURCE
Original cataloging agency DLC
Transcribing agency OAkU
Modifying agency BD-DhUET
082 ## - DEWEY DECIMAL CLASSIFICATION NUMBER
Classification number 660.28422
Item number SMI/1963
100 1# - MAIN ENTRY--PERSONAL NAME
Personal name Smith, Buford D.
245 10 - TITLE STATEMENT
Title Design of equilibrium stage processes
250 ## - EDITION STATEMENT
Edition statement 1st ed.
260 ## - PUBLICATION, DISTRIBUTION, ETC. (IMPRINT)
Place of publication, distribution, etc. New York
Name of publisher, distributor, etc. McGraw-Hill
Date of publication, distribution, etc. 1963
300 ## - PHYSICAL DESCRIPTION
Extent 647 p.
Other physical details ill.
Dimensions 24 cm.
490 ## - SERIES STATEMENT
Series statement McGraw-Hill chemical engineering series
504 ## - BIBLIOGRAPHY, ETC. NOTE
Bibliography, etc Includes bibliographies
650 #0 - SUBJECT ADDED ENTRY--TOPICAL TERM
Topical term or geographic name as entry element Chemical equilibrium
942 ## - ADDED ENTRY ELEMENTS (KOHA)
Koha item type General Book
Holdings
Lost status Sublocation or collection (holding branch) Koha full call number Koha normalized classification for sorting Piece designation (barcode) Price effective from Date acquired Withdrawn status Not for loan Damaged status Koha item type Copy number Location (home branch) Source of classification or shelving scheme Shelving location Koha date last seen
 Central Library, BUET660.28422/SMI/1963660_284220000000000_SMI_1963349542015-03-022015-03-02   General Book1Central Library, BUET Circulation section2015-03-02
 Central Library, BUET660.28422/SMI/1963660_284220000000000_SMI_1963298452015-03-032015-03-03   General Book2Central Library, BUET Circulation section2015-03-03
 Central Library, BUET660.28422/SMI/1963660_284220000000000_SMI_1963298412015-03-032015-03-03   General Book3Central Library, BUET Circulation section2015-03-03
 Central Library, BUET660.28422/SMI/1963660_284220000000000_SMI_1963298472015-03-032015-03-03   General Book4Central Library, BUET Circulation section2015-03-03
 Central Library, BUET660.28422/SMI/1963660_284220000000000_SMI_1963298532015-03-032015-03-03   General Book5Central Library, BUET Circulation section2015-03-03
 Central Library, BUET660.28422/SMI/1963660_284220000000000_SMI_1963298432015-03-032015-03-03   General Book6Central Library, BUET Circulation section2015-03-03
 Central Library, BUET660.28422/SMI/1963660_284220000000000_SMI_1963298442015-03-032015-03-03   General Book7Central Library, BUET Circulation section2015-03-03
 Central Library, BUET660.28422/SMI/1963660_284220000000000_SMI_1963298402015-03-032015-03-03   General Book8Central Library, BUET Circulation section2015-03-03
 Central Library, BUET660.28422/SMI/1963660_284220000000000_SMI_1963349552015-03-032015-03-03   General Book9Central Library, BUET Circulation section2015-03-03
 Central Library, BUET660.28422/SMI/1963660_284220000000000_SMI_1963114772015-05-112015-05-11   General Book10Central Library, BUET Circulation section2015-05-11
 Central Library, BUET660.28422/SMI/1963660_284220000000000_SMI_1963298462015-05-112015-05-11   General Book11Central Library, BUET Circulation section2015-05-11
 Central Library, BUET660.28422/SMI/1963660_284220000000000_SMI_1963349532015-05-112015-05-11   General Book12Central Library, BUET Circulation section2015-05-11
 Central Library, BUET660.28422/SMI/1963660_284220000000000_SMI_1963188362015-05-112015-05-11   General Book13Central Library, BUET Circulation section2015-05-11
 Central Library, BUET660.28422/SMI/1963660_284220000000000_SMI_1963298542015-05-112015-05-11   General Book14Central Library, BUET Circulation section2015-05-11
 Central Library, BUET660.28422/SMI/1963660_284220000000000_SMI_1963298562015-05-112015-05-11   General Book15Central Library, BUET Circulation section2015-05-11
 Central Library, BUET660.28422/SMI/1963660_284220000000000_SMI_1963298482015-05-192015-05-19   General Book16Central Library, BUET Circulation section2015-05-19
 Central Library, BUET660.28422/SMI/1963660_284220000000000_SMI_196364492015-06-182015-06-18   Reading Item17Central Library, BUET Reading section2015-06-18